La filocalia o Arte de distinguir a los cursis de los que no lo son ; seguido de un proyecto de bases para la formación de una hermandad o club con que se remedie dicha plaga. (Record no. 157760)

MARC details
000 -LEADER
campo de control de longitud fija 00984nam a2200229 i 4500
001 - NÚMERO DE CONTROL
campo de control 157760
003 - IDENTIFICADOR DE NÚMERO DE CONTROL
campo de control ES-MaACL
005 - FECHA Y HORA DE LA ÚLTIMA TRANSACCIÓN
campo de control 20231229063046.0
008 - DATOS DE LONGITUD FIJA--INFORMACIÓN GENERAL
campo de control de longitud fija 960529s1868 sp |||| | spa d
080 ## - NÚMERO DE LA CLASIFICACIÓN DECIMAL UNIVERSAL
Número de la Clasificación Decimal Universal 821.134.2-7"18"
100 1# - ENTRADA PRINCIPAL--NOMBRE DE PERSONA
Nombre de persona Silvela, Francisco,
Fechas asociadas al nombre 1845-1905
9 (RLIN) 106425
245 13 - MENCIÓN DEL TÍTULO
Título La filocalia o Arte de distinguir a los cursis de los que no lo son ; seguido de un proyecto de bases para la formación de una hermandad o club con que se remedie dicha plaga.
260 ## - PUBLICACIÓN, DISTRIBUCIÓN, ETC.
Lugar de publicación, distribución, etc. Madrid :
Nombre del editor, distribuidor, etc. [s.n.],
Fecha de publicación, distribución, etc. 1868 (
Fabricante Imp. de Tomás Fortanet)
300 ## - DESCRIPCIÓN FÍSICA
Extensión 61 p. ;
Dimensiones 17 cm.
490 1# - MENCIÓN DE SERIE
Mención de serie Biblioteca de la voz del siglo
530 ## - NOTA DISPONIBLE DE FORMULARIO FÍSICO ADICIONAL
Nota de formato físico adicional disponible Disponible en formato digital.
594 ## - Nota al título y mención de responsabilidad
Nota al título y mención de responsabilidad Autor (p. 61): F. Silvela
830 1# - PUNTO DE ACCESO ADICIONAL DE SERIE-TÍTULO UNIFORME
Título uniforme Biblioteca de la voz del siglo
9 (RLIN) 221815
852 4# - LOCALIZACIÓN
Ubicación ES-MaACL
Número de control de estantería T-109-F-1
Nota libre - Enc. hol.
-- - Enc. en un vol. facticio
856 4# - LOCALIZACIÓN Y ACCESO ELECTRÓNICOS
Identificador Uniforme de Recursos <a href="http://bdh-rd.bne.es/viewer.vm?id=0000255768&page=1 ">http://bdh-rd.bne.es/viewer.vm?id=0000255768&page=1 </a>
Nota pública Biblioteca Digital Hispánica
Holdings
Estatus retirado Estado de pérdida Estado de daño No para préstamo Colección Biblioteca de origen Biblioteca actual Ubicación en estantería Fecha de adquisición Total de préstamos Signatura topográfica completa Código de barras Visto por última vez Precio de reemplazo Tipo de ítem Koha
        Colección de folletos Biblioteca del Ateneo de Madrid Biblioteca del Ateneo de Madrid Depósito folletos 17/01/2008   T-109-F-1 1165096 23/02/2023 23/02/2023 Folleto